Movies Quiz

Random Movies Quiz

50 Greatest Sci-Fi Movies Quiz Stats

 Plays Quiz not verified by Sporcle

Score 0/50 Timer 10:00
0 Plays Today
Year Movie % Correct
1984The Terminator
96%
1977Star Wars
95.8%
1979Alien
94.4%
1999The Matrix
93.4%
1986Aliens
89.1%
1991Terminator 2: Judgment Day
87.3%
1982Blade Runner
87%
1980Star Wars: The Empire Strikes Back
84.4%
1996Independence Day
76.7%
1986The Fly
76.4%
1977Close Encounters of the Third Kind
74.8%
1982Star Trek: The Wrath of Khan
72.9%
19682001: A Space Odyssey
70.6%
1990Total Recall
69.8%
1982E.T.: The Extra-Terrestrial
66.6%
1953The War of the Worlds
64.2%
2005War of the Worlds
64.2%
1951The Day the Earth Stood Still
63.7%
1982The Thing
57.8%
1927Metropolis
55.7%
1997Starship Troopers
52.8%
2002Solaris
51.7%
2009Moon
51.7%
1972Solaris
51.7%
2005Serenity
48.3%
Year Movie % Correct
1956Invasion of the Body Snatchers
47.7%
1984Starman
46.4%
1956Forbidden Planet
44%
1976The Man Who Fell to Earth
43.2%
1985Brazil
43%
1996Mars Attacks!
40.1%
1971The Omega Man
36.3%
1988They Live
31.6%
1954Godzilla
28.6%
1951The Thing from Another World
18.8%
1936Things to Come
17%
1953It Came from Outer Space
15.6%
1953Invaders from Mars
14.6%
1965Alphaville
13%
1971The Andromeda Strain
12.7%
1957The Incredible Shrinking Man
11.7%
1956Earth vs. the Flying Saucers
11.4%
1951When Worlds Collide
7.7%
1967Quatermass and the Pit
7.7%
1964Robinson Crusoe on Mars
7.4%
1955The Quatermass Xperiment
6.6%
1983Strange Invaders
6.1%
1958I Married a Monster from Outer Space
5.6%
1965Planet of the Vampires
5.3%
1963The Damned
5%

You're not logged in!

Compare scores with friends on all Sporcle quizzes.
OR
Log In

Sporcle TV

Today on Sporcle TV


Watch our educational content, quiz creation guides, and fun videos on Sporcle TV.

Show Comments

Extras

Top Quizzes Today


Score Distribution

Your Account Isn't Verified!

In order to create a playlist on Sporcle, you need to verify the email address you used during registration. Go to your Sporcle Settings to finish the process.

Report this User

Report this user for behavior that violates our Community Guidelines.

Details: